01651nam a2200265 a 4500001001000000005001700010008004100027041000800068044000700076084002600083100004500109245018900154260004000343300003600383500027900419500011500698500026000813500006401073500001001137650005301147650005601200650003401256650004501290740005001335BRCA_238020190320203801.0071108s1897----sp-#---###---#000-0#spa-u aspa asp a021b.M67c1897 F16151 aCervantes Saavedra, Miguel ded1547-161610aSegunda parte del Ingenioso Caballero Don Quixote de la Manchabdirigida a don Pedro Fernández de Castro, Conde de Lemoscpor Miguel de Cervantes Saavedra, autor de su primera parte. aBarcelonabMontaner y Simónc1897 a1 v. (sin paginación)c23 cm. aContenido : Escudo con el mote Post tenebras spero lucem. Tasa. Fe de erratas. Aprovación del Dr. Gutierre Cetina. Aprobación de M. Joseph Valdivieso. Aprovación del Lic. Márquez Torres. Privilegio. Prólogo del autpr. Dedicatoria del autor al Conde de Lemos. Texto aFacsímil de : Segunda parte del Ingeniso Cavallero Don Quixote de la Mancha. Madrid: Juan de la Cuesta, 1615 aSegundo facsímile de la segunda parte de la edición príncipe, publicado por Montaner y Simón, en Barcelona, el año de 1897. Ejemplar bien conservado, encuadernado en fina piel parda; escudo de la primera parte grabado en la tapa Lúdovik Osterc aCon ex-libris de : Biblioteca de Santiago Magariños. 2798 aQM22214aNovela españolayÉpoca clkásica, 1500-170014aLiteratura españolayÉpoca clásica, 1500-170014aNovela españolaySiglo XVII14aDon Quijote (Personaje ficticio)eNovela0 aEl Ingenioso Hidalgo Don Quijote de la Mancha